000 00195 a2200109 4500
020 _a978145581191
041 _aeng
100 _aSandra Brown
245 _aFriction
942 _cBK
952 _74
999 _c16647
_d16647